International business : (Record no. 345547)
[ view plain ]
| 000 -LEADER | |
|---|---|
| fixed length control field | 00741 a2200217 4500 |
| 020 ## - INTERNATIONAL STANDARD BOOK NUMBER | |
| International Standard Book Number | 0071154434 |
| 020 ## - INTERNATIONAL STANDARD BOOK NUMBER | |
| International Standard Book Number | 9780071154437 |
| 090 ## - LOCALLY ASSIGNED LC-TYPE CALL NUMBER (OCLC); LOCAL CALL NUMBER (RLIN) | |
| -- | 3057 |
| -- | 3057 |
| 100 1# - MAIN ENTRY--PERSONAL NAME | |
| Personal name | Ball, Donald. |
| 245 10 - TITLE STATEMENT | |
| Title | International business : |
| Remainder of title | the challenge of global competition / |
| Statement of responsibility, etc. | Donald Ball. |
| 250 ## - EDITION STATEMENT | |
| Edition statement | Internat.2r.e. ed. |
| 260 ## - PUBLICATION, DISTRIBUTION, ETC. | |
| Place of publication, distribution, etc. | [S.l.] : |
| Name of publisher, distributor, etc. | McGraw-Hill Education (ISE Editions), |
| Date of publication, distribution, etc. | 1998. |
| 300 ## - PHYSICAL DESCRIPTION | |
| Extent | 693 p. |
| 500 ## - GENERAL NOTE | |
| General note | Import. |
| 500 ## - GENERAL NOTE | |
| General note | Paperback. |
| 700 1# - ADDED ENTRY--PERSONAL NAME | |
| Personal name | McCulloch, Wendell. |
| 700 1# - ADDED ENTRY--PERSONAL NAME | |
| Personal name | overrun, Ball. |
| 856 40 - ELECTRONIC LOCATION AND ACCESS | |
| Materials specified | Amazon.com |
| Uniform Resource Identifier | <a href="http://www.amazon.com/exec/obidos/ASIN/0071154434/chopaconline-20">http://www.amazon.com/exec/obidos/ASIN/0071154434/chopaconline-20</a> |
| 856 40 - ELECTRONIC LOCATION AND ACCESS | |
| Materials specified | Amazon customer reviews |
| Uniform Resource Identifier | <a href="http://www.chopac.org/cgi-bin/tools/azrev.pl?q=0071154434">http://www.chopac.org/cgi-bin/tools/azrev.pl?q=0071154434</a> |
| 942 ## - ADDED ENTRY ELEMENTS (KOHA) | |
| Institution code [OBSOLETE] | NBS |
| Koha item type | Book |
| Call number prefix | 658.04 BAL |
| Withdrawn status | Lost status | Damaged status | Not for loan | Permanent Location | Current Location | Date acquired | Total Checkouts | Full call number | Barcode | Date last seen | Price effective from | Koha item type |
|---|---|---|---|---|---|---|---|---|---|---|---|---|
| Central Library (CL) | Central Library (CL) | 08/28/2013 | 658.04 BAL | NBS1689 | 08/28/2013 | 08/28/2013 | Book |
